[Event "Amsterdam Science Park 2023"]
[Site "Science Park, Amsterdam, Netherlands"]
[Date "2023.07.23"]
[Round "9.1"]
[White "Riemersma, Li"]
[Black "De Groote, Ewoud"]
[Result "1-0"]
[WhiteElo "2440"]
[BlackElo "2232"]

1. d4 {[%clk 01:30:58]} {[%emt 18:50:18]} Nf6 {[%clk 01:30:53]} {[%emt
00:00:07]} 2. c4 {[%clk 01:31:25]} {[%emt 00:00:04]} e6 {[%clk 01:31:18]}
{[%emt 00:00:05]} 3. Nf3 {[%clk 01:31:51]} {[%emt 00:00:04]} d5 {[%clk
01:30:51]} {[%emt 00:00:58]} 4. g3 {[%clk 01:32:08]} {[%emt 00:00:13]} Bb4+
{[%clk 01:30:13]} {[%emt 00:01:07]} 5. Bd2 {[%clk 01:32:33]} {[%emt 00:00:05]}
a5 {[%clk 01:29:31]} {[%emt 00:01:13]} 6. Bg2 {[%clk 01:31:14]} {[%emt
00:01:48]} O-O {[%clk 01:29:09]} {[%emt 00:00:52]} 7. O-O {[%clk 01:19:30]}
{[%emt 00:12:14]} dxc4 {[%clk 01:17:27]} {[%emt 00:12:12]} 8. Qc2 {[%clk
01:14:56]} {[%emt 00:05:04]} b5 {[%clk 00:58:06]} {[%emt 00:19:51]} 9. a4
{[%clk 00:53:27]} {[%emt 00:21:58]} Bxd2 {[%clk 00:50:51]} {[%emt 00:07:45]} 10.
Nfxd2 {[%clk 00:52:19]} {[%emt 00:01:38]} Ra7 {[%clk 00:45:44]} {[%emt
00:05:38]} 11. axb5 {[%clk 00:49:20]} {[%emt 00:03:29]} Qxd4 {[%clk 00:42:21]}
{[%emt 00:03:53]} 12. Ra4 {[%clk 00:47:20]} {[%emt 00:02:30]} Bb7 {[%clk
00:32:29]} {[%emt 00:10:23]} 13. Bxb7 {[%clk 00:39:00]} {[%emt 00:08:50]} Rxb7
{[%clk 00:32:55]} {[%emt 00:00:04]} 14. Nc3 {[%clk 00:39:15]} {[%emt 00:00:15]}
Nd5 {[%clk 00:25:30]} {[%emt 00:07:55]} 15. Rxc4 {[%clk 00:38:45]} {[%emt
00:01:00]} Qb6 {[%clk 00:17:18]} {[%emt 00:08:43]} 16. Rh4 {[%clk 00:31:57]}
{[%emt 00:07:17]} h6 {[%clk 00:15:45]} {[%emt 00:02:03]} 17. Nc4 {[%clk
00:32:19]} {[%emt 00:00:08]} Qa7 {[%clk 00:14:19]} {[%emt 00:01:57]} 18. Nxd5
{[%clk 00:18:49]} {[%emt 00:14:00]} exd5 {[%clk 00:14:44]} {[%emt 00:00:05]} 19.
Ne3 {[%clk 00:18:44]} {[%emt 00:00:34]} Rxb5 {[%clk 00:07:33]} {[%emt
00:07:43]} 20. Nf5 {[%clk 00:16:59]} {[%emt 00:02:14]} Qc5 {[%clk 00:06:47]}
{[%emt 00:01:16]} 21. Qd2 {[%clk 00:15:57]} {[%emt 00:01:32]} d4 {[%clk
00:06:14]} {[%emt 00:01:04]} 22. Nxh6+ {[%clk 00:15:11]} {[%emt 00:01:16]} Kh7
{[%clk 00:01:12]} {[%emt 00:05:32]} 23. Nf5+ {[%clk 00:14:08]} {[%emt
00:01:33]} Kg8 {[%clk 00:01:15]} {[%emt 00:00:27]} 24. Rh5 {[%clk 00:12:46]}
{[%emt 00:01:52]} 1-0

[Event "Amsterdam Science Park 2023"]
[Site "Science Park, Amsterdam, Netherlands"]
[Date "2023.07.23"]
[Round "9.2"]
[White "Hu, Yu A."]
[Black "Blees, Albert"]
[Result "0-1"]
[WhiteElo "2056"]
[BlackElo "2319"]

1. e4 {[%clk 01:30:57]} {[%emt 00:00:02]} c5 {[%clk 01:26:48]} {[%emt
00:04:13]} 2. Nf3 {[%clk 01:31:07]} {[%emt 00:00:20]} e6 {[%clk 01:27:08]}
{[%emt 00:00:09]} 3. d4 {[%clk 01:31:21]} {[%emt 00:00:16]} cxd4 {[%clk
01:27:30]} {[%emt 00:00:08]} 4. Nxd4 {[%clk 01:31:45]} {[%emt 00:00:05]} a6
{[%clk 01:27:52]} {[%emt 00:00:09]} 5. g3 {[%clk 01:31:57]} {[%emt 00:00:18]}
Nf6 {[%clk 01:27:54]} {[%emt 00:00:27]} 6. Bg2 {[%clk 01:32:13]} {[%emt
00:00:14]} d6 {[%clk 01:27:49]} {[%emt 00:00:35]} 7. O-O {[%clk 01:31:40]}
{[%emt 00:01:03]} Be7 {[%clk 01:27:53]} {[%emt 00:00:25]} 8. c4 {[%clk
01:31:37]} {[%emt 00:00:34]} O-O {[%clk 01:28:08]} {[%emt 00:00:15]} 9. Nc3
{[%clk 01:30:48]} {[%emt 00:01:19]} Qc7 {[%clk 01:28:15]} {[%emt 00:00:24]} 10.
b3 {[%clk 01:24:30]} {[%emt 00:06:48]} Nbd7 {[%clk 01:27:37]} {[%emt 00:01:07]}
11. Bb2 {[%clk 01:16:54]} {[%emt 00:08:07]} Re8 {[%clk 01:27:26]} {[%emt
00:00:40]} 12. Rc1 {[%clk 01:16:40]} {[%emt 00:00:44]} Bf8 {[%clk 01:27:26]}
{[%emt 00:00:30]} 13. Qd2 {[%clk 01:13:10]} {[%emt 00:04:01]} Rb8 {[%clk
01:26:55]} {[%emt 00:01:01]} 14. f4 {[%clk 01:02:05]} {[%emt 00:11:36]} b6
{[%clk 01:14:31]} {[%emt 00:12:55]} 15. e5 {[%clk 00:41:47]} {[%emt 00:20:47]}
dxe5 {[%clk 01:13:28]} {[%emt 00:01:32]} 16. Nc6 {[%clk 00:42:06]} {[%emt
00:00:10]} Rb7 {[%clk 01:07:06]} {[%emt 00:06:54]} 17. fxe5 {[%clk 00:39:09]}
{[%emt 00:03:27]} Bc5+ {[%clk 01:05:33]} {[%emt 00:02:03]} 18. Kh1 {[%clk
00:38:43]} {[%emt 00:00:55]} Ng4 {[%clk 01:04:04]} {[%emt 00:01:59]} 19. Rce1
{[%clk 00:21:20]} {[%emt 00:17:54]} Ndxe5 {[%clk 00:58:18]} {[%emt 00:06:16]}
20. Nxe5 {[%clk 00:14:44]} {[%emt 00:07:06]} Nxe5 {[%clk 00:54:50]} {[%emt
00:03:57]} 21. Rxe5 {[%clk 00:14:18]} {[%emt 00:00:57]} Qxe5 {[%clk 00:54:48]}
{[%emt 00:00:31]} 22. Nd5 {[%clk 00:14:45]} {[%emt 00:00:04]} Qh5 {[%clk
00:50:25]} {[%emt 00:04:52]} 23. Bf3 {[%clk 00:05:23]} {[%emt 00:09:52]} Qg6
{[%clk 00:50:01]} {[%emt 00:00:54]} 24. Nf4 {[%clk 00:04:50]} {[%emt 00:01:04]}
Qg5 {[%clk 00:49:06]} {[%emt 00:01:24]} 25. Qg2 {[%clk 00:01:28]} {[%emt
00:03:53]} Rd7 {[%clk 00:49:15]} {[%emt 00:00:21]} 26. Bc6 {[%clk 00:01:32]}
{[%emt 00:00:26]} Red8 {[%clk 00:48:59]} {[%emt 00:00:46]} 27. Bxd7 {[%clk
00:01:21]} {[%emt 00:00:42]} Rxd7 {[%clk 00:49:10]} {[%emt 00:00:18]} 28. Qa8
{[%clk 00:01:44]} {[%emt 00:00:08]} Qd8 {[%clk 00:49:22]} {[%emt 00:00:17]} 0-1

[Event "Amsterdam Science Park 2023"]
[Site "Science Park, Amsterdam, Netherlands"]
[Date "2023.07.23"]
[Round "9.3"]
[White "Van Delft, Merijn"]
[Black "Zwirs, Nico"]
[Result "1/2-1/2"]
[WhiteElo "2369"]
[BlackElo "2443"]

1. Nf3 {[%clk 01:30:56]} {[%emt 00:00:03]} d5 {[%clk 01:30:46]} {[%emt
00:00:15]} 2. g3 {[%clk 01:31:10]} {[%emt 00:00:16]} Nc6 {[%clk 01:21:43]}
{[%emt 00:09:34]} 3. d4 {[%clk 01:29:36]} {[%emt 00:02:02]} Nf6 {[%clk
01:21:53]} {[%emt 00:00:21]} 4. Bg2 {[%clk 01:28:34]} {[%emt 00:01:31]} g6
{[%clk 01:22:18]} {[%emt 00:00:07]} 5. O-O {[%clk 01:25:11]} {[%emt 00:03:48]}
Bg7 {[%clk 01:22:45]} {[%emt 00:00:06]} 6. b3 {[%clk 01:22:27]} {[%emt
00:03:15]} O-O {[%clk 01:21:16]} {[%emt 00:01:59]} 7. Bb2 {[%clk 01:19:10]}
{[%emt 00:03:46]} a5 {[%clk 01:21:02]} {[%emt 00:00:45]} 8. a3 {[%clk
01:11:39]} {[%emt 00:08:02]} Bf5 {[%clk 01:13:57]} {[%emt 00:07:35]} 9. c4
{[%clk 01:08:23]} {[%emt 00:03:45]} a4 {[%clk 00:58:57]} {[%emt 00:15:31]} 10.
cxd5 {[%clk 01:05:16]} {[%emt 00:03:36]} Nxd5 {[%clk 00:56:34]} {[%emt
00:02:52]} 11. b4 {[%clk 01:02:13]} {[%emt 00:03:32]} Nb6 {[%clk 00:56:35]}
{[%emt 00:00:32]} 12. e3 {[%clk 00:56:02]} {[%emt 00:06:36]} Nc4 {[%clk
00:35:09]} {[%emt 00:22:02]} 13. Bc3 {[%clk 00:53:25]} {[%emt 00:03:05]} e5
{[%clk 00:20:29]} {[%emt 00:15:10]} 14. d5 {[%clk 00:43:17]} {[%emt 00:10:39]}
Ne7 {[%clk 00:16:30]} {[%emt 00:04:29]} 15. Qe2 {[%clk 00:39:55]} {[%emt
00:03:51]} b5 {[%clk 00:09:09]} {[%emt 00:07:52]} 16. e4 {[%clk 00:37:44]}
{[%emt 00:02:40]} Bg4 {[%clk 00:09:33]} {[%emt 00:00:07]} 17. Nbd2 {[%clk
00:36:57]} {[%emt 00:01:17]} Nxd2 {[%clk 00:09:47]} {[%emt 00:00:16]} 18. Qxd2
{[%clk 00:36:56]} {[%emt 00:00:30]} Qd6 {[%clk 00:09:14]} {[%emt 00:01:03]} 19.
Qb2 {[%clk 00:34:24]} {[%emt 00:02:59]} Bxf3 {[%clk 00:09:29]} {[%emt
00:00:18]} 20. Bxf3 {[%clk 00:34:48]} {[%emt 00:00:05]} c6 {[%clk 00:09:50]}
{[%emt 00:00:10]} 21. dxc6 {[%clk 00:28:02]} {[%emt 00:07:16]} Nxc6 {[%clk
00:10:17]} {[%emt 00:00:04]} 22. Rad1 {[%clk 00:28:07]} {[%emt 00:00:24]} Qf6
{[%clk 00:07:14]} {[%emt 00:03:33]} 23. Be2 {[%clk 00:28:04]} {[%emt 00:00:32]}
Nd4 {[%clk 00:06:45]} {[%emt 00:01:00]} 24. Bxd4 {[%clk 00:26:32]} {[%emt
00:02:02]} exd4 {[%clk 00:07:14]} 25. Bxb5 {[%clk 00:26:17]} {[%emt 00:00:43]}
Rfc8 {[%clk 00:05:06]} {[%emt 00:02:39]} 26. Rc1 {[%clk 00:25:43]} {[%emt
00:01:04]} Rc3 {[%clk 00:04:14]} {[%emt 00:01:22]} 27. Rxc3 {[%clk 00:25:26]}
{[%emt 00:00:47]} dxc3 {[%clk 00:04:44]} {[%emt 00:00:01]} 28. Qc2 {[%clk
00:25:40]} {[%emt 00:00:14]} Qe6 {[%clk 00:02:47]} {[%emt 00:02:28]} 29. Bxa4
{[%clk 00:24:24]} {[%emt 00:01:47]} Qa6 {[%clk 00:03:10]} {[%emt 00:00:06]} 30.
Bb3 {[%clk 00:23:03]} {[%emt 00:01:51]} Qxa3 {[%clk 00:03:36]} {[%emt
00:00:05]} 31. Rb1 {[%clk 00:22:10]} {[%emt 00:01:23]} Rb8 {[%clk 00:01:10]}
{[%emt 00:02:56]} 32. Qa2 {[%clk 00:20:52]} {[%emt 00:01:47]} Qxa2 {[%clk
00:01:17]} {[%emt 00:00:24]} 33. Bxa2 {[%clk 00:21:20]} {[%emt 00:00:01]} Bf8
{[%clk 00:00:55]} {[%emt 00:00:52]} 34. b5 {[%clk 00:18:08]} {[%emt 00:03:42]}
Ba3 {[%clk 00:01:19]} {[%emt 00:00:07]} 35. Bb3 {[%clk 00:18:05]} {[%emt
00:00:33]} Rxb5 {[%clk 00:01:36]} {[%emt 00:00:13]} 36. Bc2 {[%clk 00:17:30]}
{[%emt 00:01:05]} Rb2 {[%clk 00:01:05]} {[%emt 00:01:01]} 37. Rxb2 {[%clk
00:16:59]} {[%emt 00:01:02]} cxb2 {[%clk 00:01:33]} {[%emt 00:00:01]} 38. f4
{[%clk 00:11:53]} {[%emt 00:05:36]} Bc5+ {[%clk 00:01:30]} {[%emt 00:00:33]} 39.
Kg2 {[%clk 00:11:31]} {[%emt 00:00:51]} f6 {[%clk 00:01:29]} {[%emt 00:00:31]}
40. Kf3 {[%clk 00:10:27]} {[%emt 00:01:35]} Kf7 {[%clk 00:01:17]} {[%emt
00:00:42]} 41. g4 {[%clk 00:23:58]} {[%emt 00:16:59]} Bd4 {[%clk 00:28:53]}
{[%emt 00:02:55]} 42. h4 {[%clk 00:20:49]} {[%emt 00:03:39]} h6 {[%clk
00:29:14]} {[%emt 00:00:09]} 43. e5 {[%clk 00:16:47]} {[%emt 00:04:32]} fxe5
{[%clk 00:29:32]} {[%emt 00:00:11]} 44. fxe5 {[%clk 00:16:58]} {[%emt
00:00:19]} Bxe5 {[%clk 00:28:10]} {[%emt 00:01:53]} 45. h5 {[%clk 00:17:12]}
{[%emt 00:00:15]} g5 {[%clk 00:28:19]} {[%emt 00:00:21]} 46. Ke4 {[%clk
00:17:17]} {[%emt 00:00:25]} Ke6 {[%clk 00:27:02]} {[%emt 00:01:47]} 47. Bb3+
{[%clk 00:17:09]} {[%emt 00:00:38]} Kf6 {[%clk 00:27:26]} {[%emt 00:00:05]} 48.
Ba2 {[%clk 00:16:32]} {[%emt 00:01:09]} Bc7 {[%clk 00:27:49]} {[%emt 00:00:06]}
1/2-1/2

[Event "Amsterdam Science Park 2023"]
[Site "Science Park, Amsterdam, Netherlands"]
[Date "2023.07.23"]
[Round "9.4"]
[White "Abdulla, Murad"]
[Black "Vroombout, Enrico"]
[Result "1-0"]
[WhiteElo "2307"]
[BlackElo "2117"]

1. e4 {[%clk 01:30:56]} {[%emt 00:00:04]} c5 {[%clk 01:30:53]} {[%emt
00:00:08]} 2. Nf3 {[%clk 01:31:21]} {[%emt 00:00:05]} Nc6 {[%clk 01:31:19]}
{[%emt 00:00:04]} 3. d4 {[%clk 01:31:05]} {[%emt 00:00:46]} cxd4 {[%clk
01:31:45]} {[%emt 00:00:04]} 4. Nxd4 {[%clk 01:31:31]} {[%emt 00:00:04]} e5
{[%clk 01:32:12]} {[%emt 00:00:03]} 5. Nb3 {[%clk 01:27:25]} {[%emt 00:04:36]}
Nf6 {[%clk 01:30:47]} {[%emt 00:01:55]} 6. Nc3 {[%clk 01:24:16]} {[%emt
00:03:39]} Bb4 {[%clk 01:30:24]} {[%emt 00:00:53]} 7. Bd3 {[%clk 01:24:34]}
{[%emt 00:00:11]} O-O {[%clk 01:29:24]} {[%emt 00:01:31]} 8. Bd2 {[%clk
01:23:21]} {[%emt 00:01:42]} d6 {[%clk 01:23:25]} {[%emt 00:06:28]} 9. a3
{[%clk 01:16:30]} {[%emt 00:07:21]} Bg4 {[%clk 01:22:17]} {[%emt 00:01:37]} 10.
f3 {[%clk 01:11:00]} {[%emt 00:06:00]} Bxc3 {[%clk 01:22:43]} {[%emt 00:00:04]}
11. Bxc3 {[%clk 01:10:22]} {[%emt 00:01:08]} Be6 {[%clk 01:23:08]} {[%emt
00:00:05]} 12. O-O {[%clk 01:07:18]} {[%emt 00:03:34]} Rc8 {[%clk 01:15:31]}
{[%emt 00:08:07]} 13. f4 {[%clk 01:04:22]} {[%emt 00:03:26]} exf4 {[%clk
00:34:58]} {[%emt 00:41:04]} 14. Rxf4 {[%clk 01:03:53]} {[%emt 00:00:58]} Ne5
{[%clk 00:33:30]} {[%emt 00:01:57]} 15. Be2 {[%clk 01:01:43]} {[%emt 00:02:40]}
g5 {[%clk 00:28:43]} {[%emt 00:05:18]} 16. Rxf6 {[%clk 00:40:26]} {[%emt
00:21:47]} Qxf6 {[%clk 00:29:08]} {[%emt 00:00:04]} 17. Qxd6 {[%clk 00:40:50]}
{[%emt 00:00:06]} Rxc3 {[%clk 00:29:28]} {[%emt 00:00:11]} 18. bxc3 {[%clk
00:40:53]} {[%emt 00:00:27]} Rd8 {[%clk 00:21:08]} {[%emt 00:08:50]} 19. Qc5
{[%clk 00:39:03]} {[%emt 00:02:19]} Qf4 {[%clk 00:10:36]} {[%emt 00:11:03]} 20.
Qf2 {[%clk 00:32:02]} {[%emt 00:07:31]} Qxf2+ {[%clk 00:06:18]} {[%emt
00:04:48]} 21. Kxf2 {[%clk 00:32:27]} {[%emt 00:00:04]} Rc8 {[%clk 00:06:43]}
{[%emt 00:00:06]} 22. Nd4 {[%clk 00:30:50]} {[%emt 00:02:06]} Rxc3 {[%clk
00:06:50]} {[%emt 00:00:24]} 23. Rb1 {[%clk 00:31:16]} {[%emt 00:00:04]} b6
{[%clk 00:05:18]} {[%emt 00:02:02]} 24. Rb5 {[%clk 00:31:15]} {[%emt 00:00:31]}
Rc5 {[%clk 00:05:39]} {[%emt 00:00:09]} 25. Rxc5 {[%clk 00:31:00]} {[%emt
00:00:45]} bxc5 {[%clk 00:06:05]} {[%emt 00:00:04]} 26. Nb5 {[%clk 00:31:27]}
{[%emt 00:00:03]} a5 {[%clk 00:06:13]} {[%emt 00:00:23]} 27. Nd6 {[%clk
00:31:52]} {[%emt 00:00:04]} Kg7 {[%clk 00:01:40]} {[%emt 00:05:02]} 28. Nb7
{[%clk 00:32:07]} {[%emt 00:00:15]} Nc4 {[%clk 00:01:11]} {[%emt 00:00:59]} 29.
Bxc4 {[%clk 00:31:38]} {[%emt 00:00:59]} Bxc4 {[%clk 00:01:38]} {[%emt
00:00:03]} 30. Nxa5 {[%clk 00:32:01]} {[%emt 00:00:06]} Ba2 {[%clk 00:02:00]}
{[%emt 00:00:07]} 31. Nb7 {[%clk 00:31:18]} {[%emt 00:01:13]} Bb1 {[%clk
00:02:17]} {[%emt 00:00:13]} 32. Nxc5 {[%clk 00:31:37]} {[%emt 00:00:11]} Bxc2
{[%clk 00:02:44]} {[%emt 00:00:03]} 33. a4 {[%clk 00:31:58]} {[%emt 00:00:08]}
1-0

[Event "Amsterdam Science Park 2023"]
[Site "Science Park, Amsterdam, Netherlands"]
[Date "2023.07.23"]
[Round "9.5"]
[White "Kanis, Sierk"]
[Black "Elgersma, Onno"]
[Result "1-0"]
[WhiteElo "2112"]
[BlackElo "2265"]

1. d4 {[%clk 01:30:57]} {[%emt 00:00:02]} Nf6 {[%clk 01:30:49]} {[%emt
00:00:10]} 2. c4 {[%clk 01:31:19]} {[%emt 00:00:08]} e6 {[%clk 01:31:01]}
{[%emt 00:00:18]} 3. Nc3 {[%clk 01:31:43]} {[%emt 00:00:06]} d5 {[%clk
01:28:11]} {[%emt 00:03:21]} 4. cxd5 {[%clk 01:32:06]} {[%emt 00:00:07]} exd5
{[%clk 01:28:36]} {[%emt 00:00:05]} 5. Bg5 {[%clk 01:32:30]} {[%emt 00:00:06]}
c6 {[%clk 01:29:03]} {[%emt 00:00:04]} 6. e3 {[%clk 01:32:52]} {[%emt
00:00:08]} h6 {[%clk 01:29:07]} {[%emt 00:00:25]} 7. Bh4 {[%clk 01:33:05]}
{[%emt 00:00:16]} Be6 {[%clk 01:28:48]} {[%emt 00:00:49]} 8. Bd3 {[%clk
01:33:11]} {[%emt 00:00:24]} Nbd7 {[%clk 01:28:56]} {[%emt 00:00:22]} 9. h3
{[%clk 01:32:05]} {[%emt 00:01:36]} Be7 {[%clk 01:21:26]} {[%emt 00:07:59]} 10.
Nge2 {[%clk 01:32:06]} {[%emt 00:00:30]} Nh5 {[%clk 01:14:28]} {[%emt
00:07:28]} 11. Bxe7 {[%clk 01:32:16]} {[%emt 00:00:20]} Qxe7 {[%clk 01:14:53]}
{[%emt 00:00:05]} 12. Qc2 {[%clk 01:29:19]} {[%emt 00:03:27]} Nb6 {[%clk
01:13:40]} {[%emt 00:01:43]} 13. O-O-O {[%clk 01:26:57]} {[%emt 00:02:52]} Nf6
{[%clk 01:09:16]} {[%emt 00:04:53]} 14. Kb1 {[%clk 01:27:08]} {[%emt 00:00:19]}
O-O-O {[%clk 01:01:44]} {[%emt 00:08:03]} 15. Rc1 {[%clk 01:25:10]} {[%emt
00:02:29]} Kb8 {[%clk 01:01:30]} {[%emt 00:00:43]} 16. Ka1 {[%clk 01:18:32]}
{[%emt 00:07:08]} Rhe8 {[%clk 00:59:50]} {[%emt 00:02:09]} 17. Rhe1 {[%clk
01:15:21]} {[%emt 00:03:41]} Ka8 {[%clk 00:52:41]} {[%emt 00:07:39]} 18. f3
{[%clk 01:12:20]} {[%emt 00:03:31]} Qb4 {[%clk 00:47:57]} {[%emt 00:05:14]} 19.
a3 {[%clk 01:11:31]} {[%emt 00:01:20]} Qa5 {[%clk 00:47:41]} {[%emt 00:00:45]}
20. Ka2 {[%clk 01:09:38]} {[%emt 00:02:24]} Nc4 {[%clk 00:45:22]} {[%emt
00:02:49]} 21. Nf4 {[%clk 01:04:43]} {[%emt 00:05:25]} Bc8 {[%clk 00:42:47]}
{[%emt 00:03:05]} 22. Bxc4 {[%clk 00:57:09]} {[%emt 00:08:04]} dxc4 {[%clk
00:43:11]} {[%emt 00:00:05]} 23. Qd2 {[%clk 00:51:01]} {[%emt 00:06:39]} g5
{[%clk 00:39:43]} {[%emt 00:03:58]} 24. Nfe2 {[%clk 00:51:08]} {[%emt
00:00:22]} Nd5 {[%clk 00:39:24]} {[%emt 00:00:49]} 25. e4 {[%clk 00:32:20]}
{[%emt 00:19:18]} Nb4+ {[%clk 00:39:50]} {[%emt 00:00:05]} 26. Ka1 {[%clk
00:32:37]} {[%emt 00:00:13]} Nd3 {[%clk 00:40:08]} {[%emt 00:00:12]} 27. Red1
{[%clk 00:30:16]} {[%emt 00:02:52]} Nxc1 {[%clk 00:40:15]} {[%emt 00:00:23]} 28.
Qxc1 {[%clk 00:30:34]} {[%emt 00:00:12]} f5 {[%clk 00:38:49]} {[%emt 00:01:56]}
29. d5 {[%clk 00:24:40]} {[%emt 00:06:23]} fxe4 {[%clk 00:35:05]} {[%emt
00:04:14]} 30. fxe4 {[%clk 00:25:03]} {[%emt 00:00:07]} cxd5 {[%clk 00:34:45]}
{[%emt 00:00:50]} 31. exd5 {[%clk 00:23:39]} {[%emt 00:01:54]} Bd7 {[%clk
00:27:47]} {[%emt 00:07:27]} 32. Nd4 {[%clk 00:23:00]} {[%emt 00:01:10]} b5
{[%clk 00:23:00]} {[%emt 00:05:16]} 33. Na2 {[%clk 00:17:55]} {[%emt 00:05:36]}
Qb6 {[%clk 00:21:09]} {[%emt 00:02:21]} 34. Nb4 {[%clk 00:16:44]} {[%emt
00:01:41]} Re4 {[%clk 00:14:14]} {[%emt 00:07:25]} 35. Qc3 {[%clk 00:16:29]}
{[%emt 00:00:45]} a5 {[%clk 00:11:55]} {[%emt 00:02:49]} 36. Nbc6 {[%clk
00:15:46]} {[%emt 00:01:13]} b4 {[%clk 00:09:57]} {[%emt 00:02:28]} 37. Qxc4
{[%clk 00:02:54]} {[%emt 00:13:22]} Bxc6 {[%clk 00:08:06]} {[%emt 00:02:21]} 38.
Qxc6+ {[%clk 00:03:18]} {[%emt 00:00:07]} Qxc6 {[%clk 00:08:11]} {[%emt
00:00:24]} 39. Nxc6 {[%clk 00:03:43]} {[%emt 00:00:05]} Rde8 {[%clk 00:03:51]}
{[%emt 00:04:50]} 40. Ka2 {[%clk 00:01:36]} {[%emt 00:02:37]} Re1 {[%clk
00:02:41]} {[%emt 00:01:40]} 41. Rd4 {[%clk 00:00:48]} {[%emt 00:01:19]} Kb7
{[%clk 00:28:13]} {[%emt 00:04:58]} 42. Nxa5+ {[%clk 00:26:24]} {[%emt
00:04:54]} Kb6 {[%clk 00:26:28]} {[%emt 00:02:15]} 43. axb4 {[%clk 00:26:38]}
{[%emt 00:00:17]} Rd8 {[%clk 00:17:00]} {[%emt 00:09:58]} 44. Nc4+ {[%clk
00:21:18]} {[%emt 00:05:50]} Kb5 {[%clk 00:16:28]} {[%emt 00:01:00]} 45. Kb3
{[%clk 00:20:20]} {[%emt 00:01:30]} Re2 {[%clk 00:15:21]} {[%emt 00:01:38]} 46.
Na3+ {[%clk 00:19:12]} {[%emt 00:01:38]} Ka6 {[%clk 00:14:17]} {[%emt
00:01:34]} 47. d6 {[%clk 00:17:33]} {[%emt 00:02:09]} Rxg2 {[%clk 00:13:44]}
{[%emt 00:01:02]} 48. Kc4 {[%clk 00:13:43]} {[%emt 00:04:20]} h5 {[%clk
00:11:06]} {[%emt 00:03:08]} 49. Kc5 {[%clk 00:11:06]} {[%emt 00:03:07]} g4
{[%clk 00:08:34]} {[%emt 00:03:03]} 50. Kc6 {[%clk 00:10:47]} {[%emt 00:00:49]}
Rc8 {[%clk 00:07:24]} {[%emt 00:01:39]} 51. Kd7 {[%clk 00:11:11]} {[%emt
00:00:06]} Rb8 {[%clk 00:06:49]} {[%emt 00:01:05]} 52. Kc7 {[%clk 00:10:11]}
{[%emt 00:01:30]} Rb7+ {[%clk 00:06:22]} {[%emt 00:00:57]} 53. Kc8 {[%clk
00:09:41]} {[%emt 00:01:00]} gxh3 {[%clk 00:04:29]} {[%emt 00:02:25]} 54. b5+
{[%clk 00:05:59]} {[%emt 00:04:12]} Ka7 {[%clk 00:04:16]} {[%emt 00:00:42]} 55.
Ra4+ {[%clk 00:04:48]} {[%emt 00:01:41]} Kb6 {[%clk 00:04:45]} 56. Ra6+ {[%clk
00:04:19]} {[%emt 00:00:59]} Kc5 {[%clk 00:05:14]} 57. Rc6+ {[%clk 00:04:30]}
{[%emt 00:00:19]} Kd5 {[%clk 00:04:23]} {[%emt 00:01:21]} 58. Kxb7 {[%clk
00:04:34]} {[%emt 00:00:26]} h2 {[%clk 00:03:16]} {[%emt 00:01:38]} 59. Rc1
{[%clk 00:01:29]} {[%emt 00:03:35]} Rg7+ {[%clk 00:02:00]} {[%emt 00:01:46]} 60.
Kb6 {[%clk 00:00:59]} {[%emt 00:01:00]} Kxd6 {[%clk 00:00:35]} {[%emt
00:01:55]} 61. Rh1 {[%clk 00:01:19]} {[%emt 00:00:09]} Rg2 {[%clk 00:00:55]}
{[%emt 00:00:10]} 62. b4 {[%clk 00:00:54]} {[%emt 00:00:55]} Kd5 {[%clk
00:00:59]} {[%emt 00:00:26]} 63. Kb7 {[%emt 00:00:28]} Kd4 {[%clk 00:00:55]}
{[%emt 00:00:32]} 64. b6 {[%clk 00:01:00]} {[%emt 00:00:28]} Kc3 {[%clk
00:00:52]} {[%emt 00:00:33]} 65. Ka7 {[%clk 00:00:39]} {[%emt 00:00:51]} Ra2
{[%clk 00:00:37]} {[%emt 00:00:45]} 66. b7 {[%clk 00:00:40]} {[%emt 00:00:29]}
Rxa3+ {[%clk 00:01:05]} {[%emt 00:00:02]} 67. Kb6 {[%clk 00:01:01]} {[%emt
00:00:09]} 1-0